000 00582nam a22001817a 4500
003 CEME
005 20210628203123.0
008 210222b xxu||||| |||| 00| 0 eng d
020 _a0-88415-899-3
040 _c.
082 _a658.5 MOO
100 _aMoore, Ron
_963436
245 _aMaking common sense common practice, models for manufacturing excellence
260 _aUSA
_bCASHMAN DUDLEY
_c1999
300 _aXX,356P
650 _aMANUFACTURING- INDUSTRIES MANAGEMENT, MANUFACTRUING PROCESSES, PRODUCTION MANAGEMENT, MANUFACTURES- QUALITY CONTROL
_963437
942 _cBK
_2ddc
999 _c572261
_d572261